Name The Vocaloids Quiz (2021) - Statistics

General Stats
  • This quiz has been taken 1,274 times
  • The average score is 29 of 85
Answer Stats
Answers % Correct
Hatsune Miku
98%
Kagamine Rin
93%
Kagamine Len
92%
KAITO
90%
MEIKO
86%
Megurine Luka
85%
GUMI
80%
flower
65%
Kamui Gakupo
63%
OLIVER
56%
IA
55%
Kaai Yuki
53%
Fukase
52%
LEON
51%
LOLA
49%
Lily
45%
Utatane Piko
44%
SeeU
41%
Otomachi Una
40%
VY2
40%
VY1
39%
SF-A2 miki
38%
Sweet ANN
38%
BIG AL
37%
Hiyama Kiyoteru
36%
Ken
36%
MIRIAM
36%
Ryuto/Gachapoid
36%
Yuzuki Yukari
36%
Aoki Lapis
34%
DEX
33%
MAYU
33%
CYBER DIVA
32%
CUL
31%
MEIKA Hime
31%
YOHIOloid
31%
Bruno
30%
MEIKA Mikoto
29%
Mew
29%
Nekomura Iroha
29%
MAIKA
28%
Clara
27%
Luo Tianyi
27%
SONiKA
27%
anon
26%
Prima
26%
Tone Rion
26%
DAINA
25%
kanon
25%
Rana
25%
AVANNA
24%
galaco
24%
Macne Nana
24%
Tonio
24%
CYBER SONGMAN
23%
Merli
23%
Mo Qingxian
23%
UNI
23%
Ruby
22%
Amy
21%
Chika
21%
Chris
21%
Xingchen/Stardust
21%
YUU
21%
ARSLOID
20%
kokone
20%
Tohoku Zunko
20%
KYO
19%
LUMi
19%
WIL
19%
YANHE
19%
Haruno Sora
18%
Kaori
18%
Yuezheng Ling
18%
Kobayashi Matcha
17%
Sachiko
17%
Yuezheng Longya
17%
Masaoka Azuki
16%
Xin Hua
16%
Kizuna Akari
15%
Mirai Komachi
14%
Unity-Chan (Otori Kohaku/AKAZA)
14%
Yumemi Nemu
14%
Zhiyu Moke
14%
Macne Petit
11%
No matching quizzes found
Score Distribution
Percent of People with Each Score
Percentile by Number Answered
Your Score History
You have not taken this quiz